00400pam a2200133 a 4500020001600000040000800016082002600024245007400050260005200124300003400176500002000210650001700230700001900247 a0070383421  cDLC a652 GRE 1987 A042 Or.00aGregg typing :bseries eight : keyboarding and processing documents / aNew York :bGregg Division/McGraw-Hill,cc1987. a137 p. :bcol. ill. ;c22 cm. aIncludes index. 0aTypewriting.1 aLloyd, Alan C.